Vayanayude Uthirmanikal (Record no. 174729)

000 -LEADER
fixed length control field 00267nam a22001097a 4500
082 ## - DEWEY DECIMAL CLASSIFICATION NUMBER
Classification number M07
Item number ACH/V
100 ## - MAIN ENTRY--AUTHOR NAME
Personal name Achutha Menon C
245 ## - TITLE STATEMENT
Title Vayanayude Uthirmanikal
260 ## - PUBLICATION, DISTRIBUTION, ETC. (IMPRINT)
Place of publication Thiruvanthapuram:
Name of publisher Prabhatham,
Year of publication 1988.
650 ## - SUBJECT ADDED ENTRY--TOPICAL TERM
Topical Term Literature Malayalam
942 ## - ADDED ENTRY ELEMENTS (KOHA)
Koha item type Book
Holdings
Withdrawn status Lost status Damaged status Not for loan Permanent Location Current Location Shelving location Date acquired Full call number Accession Number Price effective from Koha item type
Write off       Sree Sankaracharya University of Sanskrit Sree Sankaracharya University of Sanskrit Stacks 19.09.2023 M07 ACH/V 000625 19.09.2023 Book